00692nam a22001937a 4500999001900000005001700019010001500036020003000051035001400081037001300095082001000108100001600118245005200134260005000186270008100236300002500317942002400342952013200366 c177236d17723620210215170324.0 aENG-128980 c795.00a978-93-86473-95-0 aEN-112512 bDBAD/PUB a363.9 aSingh, Bane aResource Wars: Mapping Global GreedcBane Singh aNew DelhibVitasta Publishing Pvt. Ltd.c2020 bNew Delhia2/15, Ansari Roaad, Daryaganje110002minfo@vitastapublishing.com axxx+337p.c22cm(hbk) 2ddccENh363.9mSIN 001040708NFICaAVbAVd2021-02-15eDBAD/PUBg795.00l0o363.9 SINpEN-112512r2021-02-15 00:00:00t1v795.00w2021-02-15yEN